000 00455nam a2200193Ia 4500
005 20250423100618.0
008 250422s9999 xx 000 0 und d
020 _a9789788418641
050 _aHF 5823 .O96/
100 _aOzoh C. Hillary
245 0 _aPrinciples & pratice of advertising
250 _a2nd ed.
260 _aEnugu
260 _bRhyce kerex pub.
260 _c2013
300 _a366 p
650 _aAdvertising.
942 _cBK
999 _c33830
_d33830